Obálka Náhled e-knihy:
PDF Epub
Pro půjčování e-knih musíte být přihlášeni.
Jak si půjčit online?

Kroniky Camorry. Ledové srdce /

Hlavními hrdiny tohoto žhavého sexy románu z prostředí mafie jsou muž neschopný citů a žena poznamenaná minulostí. Jejich smluvené manželství má potenciál jejich rodiny sjednotit, ale taky zničit...

Uloženo v:
Série:Kroniky Camorry, část 2
Hlavní autor: Reilly, Cora (Autor)
Další autoři: Milotová, Jana, 1989- (Autor)
Médium: E-kniha
Jazyk:Czech
Vydáno: Praha : Dobrovský s.r.o., 2025
Edice:Red
Témata:
Příbuzné jednotky:Z cyklu:: Kroniky Camorry
Tagy:
Žádné tagy
LEADER 02783nam a2200469 i 4500
001 312810
003 CZ PrSKC
005 20260601215729.0
007 ta
008 250905s2025 xr g 000 f cze
015 |a cnb003707739 
020 |a 9788027741502  |q (brožováno) :  |c Kč 399,00 
035 |a (OCoLC)1559932493 
040 |a ABG001  |b cze  |e rda 
041 1 |a cze  |h eng 
072 7 |a 821.111-3  |x Anglická próza, anglicky psaná  |2 Konspekt 
080 |a 821.111-31  |2 MRF 
080 |a (0:82-312.5)  |2 MRF 
100 1 |a Reilly, Cora  |7 xx0311735  |4 aut 
240 1 0 |a Twisted emotions.  |l Česky 
245 1 0 |a Kroniky Camorry.  |p Ledové srdce /  |c Cora Reilly ; přeložila Jana Milotová 
246 3 0 |a Ledové srdce 
264 1 |a Praha :  |b Dobrovský s.r.o.,  |c 2025 
300 |a 347 stran ;  |c 20 cm 
336 |a text  |b txt  |2 rdacontent 
337 |a bez média  |b n  |2 rdamedia 
338 |a svazek  |b nc  |2 rdacarrier 
490 1 |a Red 
500 |a Přeloženo z angličtiny 
520 2 |a Hlavními hrdiny tohoto žhavého sexy románu z prostředí mafie jsou muž neschopný citů a žena poznamenaná minulostí. Jejich smluvené manželství má potenciál jejich rodiny sjednotit, ale taky zničit...  |b Nino Falcone je génius a monstrum zároveň. U pravé ruky a bratra capa lasvegaské camorry je ovšem nedostatek citů požehnáním, nikoli prokletím. Alespoň do chvíle, než ho jeho bratr požádá, aby se v zájmu jejich rodiny oženil. Za manželku je Falconemu určena Kiara Vitiellová, sestřenice capa newyorské famiglie. Její rolí je zabránit válce s camorrou. O Las Vegas se ale dozví jen věci, které jí nahání hrůzu. Když byla ještě malá, její otec zradil svého capa a zaplatil za to životem. Kiařina rodina se domnívá, že sňatek je její jedinou šancí, jak přinést svému jménu čest. Kiara ovšem ví, že její novopečený manžel výměnou za mír nedostane to, co očekával. Nakladatelská anotace. Kráceno. 
655 7 |a anglicky psané romány  |7 fd131805  |2 czenas 
655 7 |a milostné romány  |7 fd132840  |2 czenas 
655 9 |a fiction in English  |2 eczenas 
655 9 |a love novels  |2 eczenas 
700 1 |a Milotová, Jana,  |d 1989-  |7 xx0282530  |4 trl 
787 0 8 |i Z cyklu:  |t Kroniky Camorry  |g 2 
830 0 |a Red 
900 |a ABA001  |b 20 
044 |a xr 
910 |a RBIT002 
998 |d 422300  |a https://core.palmknihy.cz/api/books/422300/cover?t2dq18  |b https://core.palmknihy.cz/api/books/422300/cover/400?t2dq18  |c https://core.palmknihy.cz/api/books/422300/cover/50?t2dq18  |e 2029-11-09  |g 352  |i 9788027741502  |j https://core.palmknihy.cz/api/books/422300/preview.epub  |k https://core.palmknihy.cz/api/books/422300/preview.pdf  |l   |q 49  |r 1  |s https://www.palmknihy.cz/kniha/422300  |t ebook  |y 2025  |z 0  |v Kroniky Camorry  |w 2 
999 |d 312808